000
00326nam a2200145Ia 4500
008
150201s1995 xx 000 0 und d
082
_a
617
_b
N95S
100
_a
SACHDEVA
245
_a
NOTES IN SURGERY
250
_a
5TH
260
_b
JAYPEE BROTHERS
_a
DELHI
_c
1995
300
_a
1-372
650
_a
SURGERY
942
_2
ddc
_c
BK
_0
2
999
_c
147
_d
147